000 00350nam a2200133Ia 4500
008 151213s9999 xx 000 0 und d
100 _aGraham Hamdley
245 _aSelected Poems & Letters of John Keats
_cGraham Hamdley
260 _aLondon
_bPan Books
_c1991
300 _a1855 p.
650 _aReference
700 _aGraham Hamdley
999 _c1360
_d1360